Statistics for Football by Letter - A

Click here to take the quiz!

General Stats

  • This quiz has been taken 78 times
  • The average score is 11 of 15

Answer Stats

HintAnswer% Correct
Liverpool's home ground since the disputing of Everton in 1892Anfield
99%
The current manager of Leverkusen, played for Liverpool, Bayern Munich as a playerXabi {Alonso}
96%
Riyad Mahrez, Sofiane Feghouli, Ramy Bensebaini are footballers from this countryAlgeria
93%
Famous rivalry in Netherlands known as De KlassiekerFeyenoord v {Ajax}
87%
A European country which has never qualified for the EUROs in any senseAndorra
83%
The league where RB Salzburg, Rapid Wien and LASK plays in{Austrian} Bundesliga
80%
One of the teams that plays in El Derbi MadrileñoAtlético Madrid
77%
A Scottish club founded in 1903 and is playing in the Scottish PremiershipAberdeen
76%
A Brummie (Birminghammy) club which has won the European Cup in 1982Aston Villa
76%
This club was a merger of two clubs back in 1969: TSV Schwaben and BC AugsburgFC {Augsburg}
67%
Suffix of a football club in OldhamOldham {Athletic}
67%
An absolute Ukrainian legend, played for AC Milan, Chelsea and Dynamo Kyiv{Andriy} Shevchenko
64%
Runner-up of the 2023 Club World CupAl Hilal
34%
They were originally founded as...Woolwich {Arsenal}
33%
Meaning of A in AC MilanAssociazione
24%

Score Distribution

Percentile by Number Answered

Percent of People with Each Score

Your Score History

You have not taken this quiz